000 00228nmm a2200085Ia 4500
008 220120s9999||||xx |||||||||||||||||und||
100 _aPCQ
245 0 _aFeatureign windows vista RC/ walkthrough , witi fashion, ent
260 _c2006
999 _c138593
_d138593